000 01380nam a2200349 a 4500
001 ebr10693645
003 CaPaEBR
006 m u
007 cr cn|||||||||
008 121022s2013 nyuad sb 001 0 eng d
010 _z 2012952354
020 _z9781624173110
020 _z9781624173127 (e-book)
040 _aCaPaEBR
_cCaPaEBR
035 _a(OCoLC)846985971
050 1 4 _aQP572.V3
_bV37 2013eb
082 0 4 _a612.492
_223
245 0 0 _aVasopressin
_h[electronic resource] :
_bmechanisms of action, physiology and side effects /
_cLeonzio Galella, editor.
260 _aNew York :
_bNovinka,
_c2013.
300 _ax, 115 p. :
_bill.
490 1 _aNeuroscience research progress
490 1 _aEndocrinology research and clinical developments
504 _aIncludes bibliographical references and index.
533 _aElectronic reproduction.
_bPalo Alto, Calif. :
_cebrary,
_d2013.
_nAvailable via World Wide Web.
_nAccess may be limited to ebrary affiliated libraries.
650 0 _aVasopressin.
655 7 _aElectronic books.
_2local
700 1 _aGalella, Leonzio.
710 2 _aebrary, Inc.
830 0 _aNeuroscience research progress series.
830 0 _aEndocrinology research and clinical developments.
856 4 0 _uhttp://site.ebrary.com/lib/rucke/Doc?id=10693645
_zAn electronic book accessible through the World Wide Web; click to view
999 _c24422
_d24422